Szczegóły MARC21

Minna von Barnhelm und andere Lustspiele /

003 -Nazwa inst., której nr kontr. jest w polu 001 [,]
    • @
    • Nazwa instytucji, której n kontrolny jest w polu 001
    • NUKAT
005 -DATA I CZAS OSTATNIEJ MODYFIKACJI [,]
    • @
    • pole kontrolne
    • 20241231103955.0
020 -Międzynarod. znormalizowany nr książki - ISBN [ , ]
    • a
    • Numer ISBN
    • 3829008759 Find
040 -Instytucja sporządzająca opis [ , ]
    • a
    • Instytucja, która sporządziła opis (NP)
    • WA U/JS
    • b
    • Język katalogowania
    • pol
    • e
    • Zasady katalogowania
    • rda
    • c
    • Instytucja, która sporządziła rekord (NP)
    • WA U/JS
    • d
    • Instytucja, która zmodyfikowała rekord (P)
    • WA U/JS
    • d
    • Instytucja, która zmodyfikowała rekord (P)
    • SZCZ U/KP
942 -Rodzaj dokumentu [ , ]
    • c
    • Rodzaj dokumentu
    • Książka
100 -Hasło główne - nazwa osobowa [1, ]
    • a
    • Nazwa osobowa (NP)
    • Lessing, Gotthold Ephraim
    • d
    • Daty biograficzne (NP)
    • (1729-1781).
    • e
    • Rodzaj współpracy
    • Autor
    • 9
    • KHW
    • 19639
240 -Tytuł ujednolicony [1,0]
    • a
    • Tytuł ujednolicony
    • Minna von Barnhelm
    • l
    • Język tekstu
    • (niem.)
    • 9
    • KHW
    • 401903
245 -Strefa tytułu i oznaczenia odpowiedzialności [1,0]
    • a
    • Tytuł
    • Minna von Barnhelm und andere Lustspiele / Find
    • c
    • Pozostałe elementy strefy tytułu i oznaczenia odpowiedzialności (NP)
    • Gotthold Ephraim Lessing ; herausgegeben von Rolf Toman.
260 -Strefa adresu wydawniczego [ , ]
    • a
    • Miejsce wydania (P)
    • Köln :
    • b
    • Nazwa wydawcy (P)
    • Könemann,
    • c
    • Data wydania (P)
    • 1998.
300 -Strefa opisu fizycznego [ , ]
    • a
    • Określenie formy książki i/lub objętość (NP)
    • 462 strony ;
    • c
    • Format (NP)
    • 18 cm.
336 -Typ zawartości [ , ]
    • a
    • Termin opisujący typ zawartości
    • Tekst
    • b
    • Kod określający zawartość
    • txt
    • 2
    • Źródło (terminu i kodu)
    • rdacontent
337 -Typ mediów [ , ]
    • a
    • Tryb odtwarzania
    • Bez urządzenia pośredniczącego
    • b
    • Kod typu mediów
    • n
    • 2
    • Źródło (terminu i kodu)
    • rdamedia
338 -Typ/rodzaj nośnika [ , ]
    • a
    • Hasło opisujące typ nośnika
    • Wolumin
    • b
    • Kod typu nośnika
    • nc
    • 2
    • Źródło (terminu i kodu)
    • rdacarrier
490 -Strefa serii i książki wielotomowej - forma nie do wyszukiwania [1, ]
    • a
    • Tytuł (P)
    • Dramen / Gotthold Ephraim Lessing ; Find
    • v
    • Numeracja (P)
    • 1
501 -Uwaga dot. prac współwydanych [ , ]
    • a
    • Uwaga dot. prac współwydanych
    • Der junge Gelehrte ; Die Juden ; Der Misogyn ; Der Freigeist ; Der Schatz ; Damon oder Die wahre Freundschaft ; Die alte Jungfer.
655 -Hasło w funkcji tematu formalnego [ ,7]
    • a
    • Hasło
    • Komedia niemiecka
    • y
    • Określnik chronologiczny
    • 18 w.
    • 2
    • Źródło terminu
    • kaba
    • 9
    • KHW
    • 401793
700 -Hasło dodatkowe - nazwa osobowa [1, ]
    • a
    • Nazwa osobowa (NP)
    • Toman, Rolf Find
    • d
    • Daty biograficzne (NP)
    • (1953- ).
    • e
    • Określenie rodzaju współpracy
    • Redakcja
    • 9
    • KHW
    • 513921
700 -Hasło dodatkowe - nazwa osobowa [1,2]
    • a
    • Nazwa osobowa (NP)
    • Lessing, Gotthold Ephraim Find
    • d
    • Daty biograficzne (NP)
    • (1729-1781).
    • t
    • Tytuł ujednolicony/tytuł (NP)
    • Junge Gelehrte Find
    • l
    • Język tekstu (NP)
    • (niem.)
    • 9
    • KHW
    • 469891
700 -Hasło dodatkowe - nazwa osobowa [1,2]
    • a
    • Nazwa osobowa (NP)
    • Lessing, Gotthold Ephraim Find
    • d
    • Daty biograficzne (NP)
    • (1729-1781).
    • t
    • Tytuł ujednolicony/tytuł (NP)
    • Juden Find
    • l
    • Język tekstu (NP)
    • (niem.)
    • 9
    • KHW
    • 469890
700 -Hasło dodatkowe - nazwa osobowa [1,2]
    • a
    • Nazwa osobowa (NP)
    • Lessing, Gotthold Ephraim Find
    • d
    • Daty biograficzne (NP)
    • (1729-1781).
    • t
    • Tytuł ujednolicony/tytuł (NP)
    • Misogyn Find
    • l
    • Język tekstu (NP)
    • (niem.)
    • 9
    • KHW
    • 469893
700 -Hasło dodatkowe - nazwa osobowa [1,2]
    • a
    • Nazwa osobowa (NP)
    • Lessing, Gotthold Ephraim Find
    • d
    • Daty biograficzne (NP)
    • (1729-1781).
    • t
    • Tytuł ujednolicony/tytuł (NP)
    • Freigeist Find
    • l
    • Język tekstu (NP)
    • (niem.)
    • 9
    • KHW
    • 469889
700 -Hasło dodatkowe - nazwa osobowa [1,2]
    • a
    • Nazwa osobowa (NP)
    • Lessing, Gotthold Ephraim Find
    • d
    • Daty biograficzne (NP)
    • (1729-1781).
    • t
    • Tytuł ujednolicony/tytuł (NP)
    • Schatz Find
    • l
    • Język tekstu (NP)
    • (niem.)
    • 9
    • KHW
    • 469894
700 -Hasło dodatkowe - nazwa osobowa [1,2]
    • a
    • Nazwa osobowa (NP)
    • Lessing, Gotthold Ephraim Find
    • d
    • Daty biograficzne (NP)
    • (1729-1781).
    • t
    • Tytuł ujednolicony/tytuł (NP)
    • Damon Find
    • l
    • Język tekstu (NP)
    • (niem.)
    • 9
    • KHW
    • 469888
700 -Hasło dodatkowe - nazwa osobowa [1,2]
    • a
    • Nazwa osobowa (NP)
    • Lessing, Gotthold Ephraim Find
    • d
    • Daty biograficzne (NP)
    • (1729-1781).
    • t
    • Tytuł ujednolicony/tytuł (NP)
    • Alte Jungfer Find
    • l
    • Język tekstu (NP)
    • (niem.)
    • 9
    • KHW
    • 469886
710 -Hasło dodatkowe - nazwa ciała zbiorowego [2, ]
    • a
    • Nazwa ciała zbiorowego lub nazwa geograficzna jako pierwszy element (NP)
    • Könemann Verlagsgesellschaft.
    • e
    • Rodzaj współpracy
    • Wydawca
    • 4
    • Kod relacji
    • pbl
    • 9
    • KHW
    • 94776
800 -Hasło dodatkowe opisu książki wielotomowej - nazwa osobowa [1, ]
    • a
    • Nazwa osobowa (NP)
    • Lessing, Gotthold Ephraim
    • d
    • Daty biograficzne (NP)
    • (1729-1781).
    • t
    • Tytuł ujednolicony/tytuł (NP)
    • Dramen
    • v
    • Oznaczenie tomu (NP)
    • 1
    • 9
    • KHW
    • 513922
920 -ISBN [ , ]
    • a
    • ISBN
    • 3-8290-0875-9 Find
Lokalizacja Data inwentaryzacji Status udost. Numer inwentarzowy Sygnatura Obwoluta
BM2020-02-14-3BC.13554Germ. Dramat niemiecki1